000 00805nam a2200241Ia 4500
001 18432
003 GE_BSU
008 181216s||||||||xx |||||||||||||| ||und||
020 _a9781580083775 (pbk.)
040 _cGE_BSU
080 _a331
100 _aLassiter, Pam.
245 4 _aThe new job security : the 5 best strategies for taking control of your career
250 _a1st rev. ed.
260 _aBerkeley [Calif]
260 _bTen Speed Press
260 _c2010
300 _aviii, 216 p, ill., 23 cm.
653 _aThe new job security
653 _aკარიერული განვითარება. ბიზნესის წარმატება.
653 _aშრომა დასაქმება,შრომის ეკონომიკა.
942 _cBK
999 _c51446
_d51446